Portsmouth Starting 11 From the Last 10 Years - Statistics

General Stats
  • This quiz has been taken 23 times
  • The average score is 59 of 110
Answer Stats
Position Answer % Correct
ST Colby Bishop
100%
LB Connor Ogilvie
100%
GK Will Norris
100%
LM Abu Kamara
93%
CAM Gary Roberts
93%
CM Marlon Pack
93%
RM Paddy Lane
93%
CB Christian Burgess
86%
RM Jamal Lowe
86%
CB Sean Raggett
86%
RB Joe Rafferty
79%
LM Ronan Curtis
79%
ST Brett Pitman
71%
CB Clark Robertson
71%
CB Conor Shaughnessy
71%
GK Craig MacGillivray
71%
LB Jack Sparkes
71%
ST John Marquis
71%
RM Marcus Harness
71%
CAM Christian Saydee
64%
ST Conor Chaplin
64%
GK Gavin Bazunu
64%
CM Joe Morrell
64%
LB Lee Brown
64%
CAM Louis Thompson
64%
CB Matt Clarke
64%
RB Nathan Thompson
64%
LB Enda Stevens
57%
GK David Forde
50%
GK Josh Griffiths
50%
LM Kyle Bennett
50%
ST Oli Hawkins
50%
RM Owen Dale
50%
CM Ryan Tunnicliffe
50%
CB Adam Webster
43%
CM Michael Doyle
43%
GK Paul Jones
43%
CM Tom Naylor
43%
CAM | RM Gareth Evans
36%
GK Luke McGee
36%
CM Ben Close
29%
GK Brian Murphy
29%
ST George Hirst
29%
CB | RB Jack Whatmough
29%
RM Jed Wallace
29%
CAM Reeco Hackett
29%
CM Andy Cannon
21%
RB Ben Davies
21%
RB Callum Johnson
21%
ST Craig Westcarr
21%
RB Kai Naismith
21%
RB Mahlon Romeo
21%
CAM Ryan Williams
21%
CM Shaun Williams
21%
RM Carl Baker
14%
CM Danny Rose
14%
LB Dion Donohue
14%
CB Joe Devera
14%
ST Ryan Taylor
14%
CM Stuart O'Keefe
14%
LB Dan Butler
7%
CM Danny Hollands
7%
RB James Bolton
7%
ST Marc McNulty
7%
LM Matty Kennedy
7%
LM Ricky Holmes
7%
CM James Dunne
0%
CB Paul Robinson
0%
No matching quizzes found
Score Distribution
Percent of People with Each Score
Percentile by Number Answered
Your Score History
You have not taken this quiz